Normal view
MARC view
- TEXTBOOK-DCE.THE 8088 AND 8086 MICROPROCESSORS
Entry Topical Term
001 - CONTROL NUMBER
- control field: 60428
003 - CONTROL NUMBER IDENTIFIER
- control field: NUST
005 - DATE AND TIME OF LATEST TRANSACTION
- control field: 20210628202539.0
008 - FIXED-LENGTH DATA ELEMENTS
- fixed length control field: 210628|| aca||aabn | a|a d
040 ## - CATALOGING SOURCE
- Original cataloging agency: NUST
- Transcribing agency: NUST
150 ## - HEADING--TOPICAL TERM
- Topical term or geographic name entry element: TEXTBOOK-DCE.THE 8088 AND 8086 MICROPROCESSORS
670 ## - SOURCE DATA FOUND
- Source citation: Work cat.: (NUST): Triebel, Walter A ,Singh, Avtar 60427, The 8088 and 8086 microprocessors ,programming, interfacing, software, hardware and applications, 2013
